Southville International School and Colleges
Your cart is empty.
  • Cart
  • Lists
    Public lists Eva Luna New books Lux_list list_1
    Your lists Log in to create your own lists
  • Log in to your account
  • Your cookies
  • Search history
Southville International School and Colleges
  • Advanced search
  • Recent comments
  • Most popular
  • Libraries

Log in to your account

Log in with GOOGLE


If you do not have an external account, but do have a local account, you can still log in:

  1. Home
  2. MARC view: 101 Dalmatians out and about :
Normal view MARC view ISBD view

101 Dalmatians out and about : (Record no. 114676)

[ view plain ]
MARC details
000 -LEADER
fixed length control field 00379nam a2200133 a 4500
005 - DATE AND TIME OF LATEST TRANSACTION
control field 20140414132109.0
008 - FIXED-LENGTH DATA ELEMENTS--GENERAL INFORMATION
fixed length control field 110106s19uu xx 00 eng d
050 ## - LIBRARY OF CONGRESS CALL NUMBER
Classification number TR
Item number On2 2010
245 ## - TITLE STATEMENT
Title 101 Dalmatians out and about :
Remainder of title a little book of things to find.
260 ## - PUBLICATION, DISTRIBUTION, ETC. (IMPRINT)
Place of publication, distribution, etc Queenstreet, UK :
Name of publisher, distributor, etc Parragon,
Date of publication, distribution, etc 2010.
440 ## - SERIES STATEMENT/ADDED ENTRY--TITLE
Title Disney Board Book
Holdings
Withdrawn status Lost status Damaged status Use restrictions Home library Current library Shelving location Date acquired Source of acquisition Cost, normal purchase price Total Checkouts Full call number Barcode Date last seen Price effective from Koha item type
        Munich Library Munich Library Teachers Reference Section 01/06/2011   125.00   TR On2 2010 M6562 04/14/2014 04/14/2014 Books
        Munich Library Munich Library Teachers Reference Section 01/06/2011   125.00   TR On2 2010 M6559 04/14/2014 04/14/2014 Books

101 Dalmatians out and about :

APA

(2010). 101 Dalmatians out and about. Queenstreet, UK: Parragon.

Chicago

2010. 101 Dalmatians out and about. Queenstreet, UK: Parragon.

Harvard

(2010). 101 Dalmatians out and about. Queenstreet, UK: Parragon.

MLA

101 Dalmatians out and about. Queenstreet, UK: Parragon. 2010.

  • Place hold
  • Print
  • Cite
  • Add to your cart (remove)
  • Save record
    BIBTEX Dublin Core MARCXML MARC (non-Unicode/MARC-8) MARC (Unicode/UTF-8) MARC (Unicode/UTF-8, Standard) MODS (XML) RIS
  • More searches
    Search for this title in:
    Other Libraries (WorldCat) Other Databases (Google Scholar) Online Stores (Bookfinder.com) Open Library (openlibrary.org)

Exporting to Dublin Core...

SOUTHVILLE LIBRARY

Southville International School and Colleges Library

1281 Tropical Ave. Cor. Luxembourg St., BF Homes International, Las Pinas City

Tel. No. 8256374 / 252358 Loc. 117/146

Powered by Koha